000 00419nam a2200169Ia 4500
008 131103s9999 xx 000 0 und d
040 _aLoreto College
041 _aEnglish
082 _aF/STO
_bLCLIB/23388
100 _aStout,Rex
245 _aOut Goes she
_cRex Stout
260 _aLondon
_bFontana/Collins
_c1953
300 _a192 p.
_c 18 cm.
650 _aFiction In English
850 _aLCLIB
942 _cBK
999 _c14064
_d64543